Caravana d'innovació digital : busquem relators que mostrin les millors experiències busquem relators que mostrin les millors experiències
Descripción Física:
1 fullet ; 10 x 21 cm
Materias:
Administració local -- Barcelona (Catalunya : Província) -- Innovacions tecnològiques
; Fulletons
Idioma:
Catalán
MARC
| LEADER | 00000nam a22000007a 4500 | ||
|---|---|---|---|
| 001 | 28855 | ||
| 003 | AGDB | ||
| 005 | 20260324181531.0 | ||
| 008 | 250514b spa||||| |||| 00| 0 cat d | ||
| 017 | |a B 20213-2024 | ||
| 040 | |a agdb |b cat | ||
| 245 | |a Caravana d'innovació digital : |b busquem relators que mostrin les millors experiències | ||
| 260 | |a Barcelona : |b Diputació de Barcelona ; |c 2024 | ||
| 300 | |a 1 fullet ; |c 10 x 21 cm | ||
| 650 | 0 | |a Administració local |x Barcelona (Catalunya : Província) |x Innovacions tecnològiques |9 49562 | |
| 655 | 0 | |a Fulletons |9 55858 | |
| 710 | |a Barcelona (Catalunya : Província). |b Gabinet d'Innovació, Integritat i Transformació Digital Local |9 72050 | ||
| 942 | |2 udc |c ARXIU |n 1 | ||
| 952 | |0 0 |1 0 |4 0 |6 FU7874 |7 1 |9 98089 |a Arxiu |b Arxiu |d 2025-05-14 |l 0 |o FU-78-74 |p 28855 |r 2025-05-14 00:00:00 |w 2025-05-14 |y ARXIU | ||
| 999 | |c 129871 |d 129871 | ||